Les pays que loup qui a visiter - Statistiques

Statistiques générales
  • Ce quiz a été pris 16 fois
  • Le résultat moyen est 13 sur 18
Statistiques - réponses
Pays + les pays qui a escaladait les montagnes % Correct
Europe France
100%
Europe Italie
100%
Océanie Australie
70%
Amérique du Sud Bresil
70%
Amérique du Nord Canada
70%
Asie chine
70%
Afrique egypte
70%
Amérique du Nord Etats unis
70%
Asie Inde
70%
Asie Népal
70%
Amérique su Sud Pérou
70%
Europe Royaume uni
70%
Asie Japon
60%
Afrique Kenya
60%
Afrique Madagascar
60%
Asie Pakistan
60%
Afrique Tanzanie
60%
Asie Bhoutan
50%
Aucun quiz correspondant
Distribution des résultats
% des personnes avec chaque résultat
Percentile par nombre de réponses
Votre historique - résultats
Vous n’avez pas pris ce quiz